000 00338nam a2200133Ia 4500
008 240624s9999 xx 000 0 und d
041 _aeng
082 _a658.40352 BIN
100 _aBINMORE KEN
245 _aFUN AND GAME A TEXT ON GAME THEORY
260 _c1999
_aDelhi
_bA.I.T.B.S.
300 _axxix, : 602 : p. : cm. ; 24
365 _cRS
999 _c1504
_d1504